JRが新幹線駅のみある自治体クイズ - Statistics

General Stats
  • This quiz has been taken 16 times
  • The average score is 13 of 15
Answer Stats
答え % Correct
木古内町
92%
上田市
92%
嬉野市
92%
七戸町
85%
岩手町
85%
軽井沢町
85%
黒部市
85%
小松市
85%
加賀市
85%
あわら市
85%
羽島市
85%
金沢市
77%
越前市
77%
水俣市
77%
出水市
77%
No matching quizzes found
Score Distribution
Percent of People with Each Score
Percentile by Number Answered
Your Score History
You have not taken this quiz